000 00616nam a22002297a 4500
001 000390
003 DO-SdBNP
005 20180130103726.0
007 000390
008 160714b 1999 nyu ||||| |||| 00| 0 spa d
020 _a059098182X
040 _aBPMSU
_bspa
_cBPMSU
092 _axxxxx
_bxxxx
100 1 _aPaulsen, Gary
245 1 0 _aHatchet /
_cGary Paulsen.
260 _aNew York :
_bScholastic,
_c1999.
300 _a195 p. ;
_c17 cm.
500 _a"A Newbery honor book"--Cover.
942 _2ddc
_cBK
945 _aInvetariado extranjero / 2018 VM
956 _2LOPEREZ
_310
_620160714
_8BPMSU
_a00041
999 _c10880
_d10880